000 01231nam0a2200337 4500
001 RU\NLR\bibl\884404
005 20260405121517.0
010 _a5-88230-154-8
_95000
021 _aRU
_b2005-73083
_93596
035 _a(NLR Aleph) 000872951
090 _a1611009
_c1611009
100 _a20051206d2006 |||y0rusy50 ca
101 0 _arus
102 _aRU
105 _ay |||||||||
200 1 _aУправляем возражениями клиента
_fИван Рыбкин
210 _aМосква
_cИн-т общегуманит. исслед.
_d2006
215 _a150, [3] с.
_d16
225 1 _aМастер продаж
320 _aНа 4-й с. обл. др. произведения авт.
320 _aБиблиогр. в конце кн. (23 назв.)
606 1 _aТорговля
_xСоциально-психологические исследования
_92099597
_3RU\NLR\auth\661269983
686 _aС550.425
700 1 _4070
_8rus
_7ca
_aРыбкин
_bИ. В.
_gИван Валерьевич
_3RU\NLR\auth\7747519
_930454
801 0 _aRU
_bNLR
_c20051206
_grcr
801 1 _aRU
_bNLR
_c20051206
830 _aавт. по кн.
942 _cBOOK
980 _aNB